Cantippu. (Record no. 83984)

MARC details
000 -LEADER
fixed length control field 00470cam a22002051 4500
001 - CONTROL NUMBER
control field sa 68011578
003 - CONTROL NUMBER IDENTIFIER
control field DLC
005 - DATE AND TIME OF LATEST TRANSACTION
control field 20260227112602.0
008 - FIXED-LENGTH DATA ELEMENTS--GENERAL INFORMATION
fixed length control field 890519s1966 ii 000 0 tamo
010 ## - LIBRARY OF CONGRESS CONTROL NUMBER
LC control number sa 68011578
035 ## - SYSTEM CONTROL NUMBER
System control number (OCoLC)19738184
040 ## - CATALOGING SOURCE
Original cataloging agency DLC
Transcribing agency WaU
Modifying agency DLC
042 ## - AUTHENTICATION CODE
Authentication code premarc
050 00 - LIBRARY OF CONGRESS CALL NUMBER
Classification number PL4758.9.A33
Item number C33
100 0# - MAIN ENTRY--PERSONAL NAME
Personal name Akilan̲,
Dates associated with a name 1922-1988.
245 10 - TITLE STATEMENT
Title Cantippu.
260 ## - PUBLICATION, DISTRIBUTION, ETC.
Date of publication, distribution, etc. [1966]
300 ## - PHYSICAL DESCRIPTION
Extent 60 p.
Dimensions 19 cm.
500 ## - GENERAL NOTE
General note In Tamil.

No items available.

Powered by Koha